| 000 | 01121cam a22003134a 4500 | ||
|---|---|---|---|
| 999 |
_c11199 _d11199 |
||
| 001 | 15781061 | ||
| 003 | OSt | ||
| 005 | 20200103101016.0 | ||
| 008 | 090618s2010 enka b 001 0 eng | ||
| 010 | _a 2009024732 | ||
| 020 | _a9780415478281 (hb) | ||
| 040 |
_aDLC _coclc |
||
| 050 | 0 | 0 |
_aBF39 _b.T57 2010 |
| 082 | 0 | 0 |
_a150.1519535 _222 _bDUG/A |
| 100 |
_aDugard, Pat _9954 |
||
| 245 | 1 | 0 |
_aApproaching Multivariate Analysis : _bA Practical Introduction / _cPat Dugard ; John Todman ; Harry Staines |
| 250 | _a2nd ed. | ||
| 260 |
_aLondon ; _aNew York, NY : _bRoutledge, _c2010. |
||
| 300 |
_a424 p _bill. ; _c25 cm. |
||
| 504 | _aIncludes bibliographical references and indexes. | ||
| 650 | 0 | _aPsychometrics. | |
| 650 | 0 |
_aPsychology _xStatistical methods. |
|
| 650 | 0 | _aMultivariate analysis. | |
| 700 | 1 |
_aTodman, John B. _91032 |
|
| 700 | 1 |
_aStaines, Harry _91033 |
|
| 906 |
_a7 _bcbc _corignew _d1 _eecip _f20 _gy-gencatlg |
||
| 942 |
_2ddc _cBK _h150.1519535 _iDUG/A _k150.1519535 _mDUG/A |
||